Když má firma talent

Získanie talentu pre firmu, riadenie talentov. Ako vytvoriť z talentov konkurenčnú výhodu firmy a dosiahnuť vysoké zisky. Talent manažment vo firme.

Salvato in:
Dettagli Bibliografici
Autore principale: Hudáková, Ivana, 1976-
Altri autori: Mišún, Juraj, 1978-
Natura: Capitolo di libro
Lingua:ceco
Soggetti:
Tags: Aggiungi Tag
Nessun Tag, puoi essere il primo ad aggiungerne!!

MARC

LEADER 00000naa a2200000 4500
001 0136551
005 20240502083329.1
041 0 |a cze 
044 |a CZ 
245 1 0 |a Když má firma talent  |c Ivana Hudáková, Juraj Mišún 
520 |a Získanie talentu pre firmu, riadenie talentov. Ako vytvoriť z talentov konkurenčnú výhodu firmy a dosiahnuť vysoké zisky. Talent manažment vo firme. 
610 2 0 |a firmy 
610 2 0 |a talenty 
610 2 0 |a manažment 
610 2 0 |a riadenie personálne 
100 1 |a Hudáková, Ivana, 1976- 
700 1 |a Mišún, Juraj, 1978-